000
00229 a2200097 4500
001
52576
100
_a
Sharif M M
245
_a
History of Muslim Philosophy (Vol-II)
260
_a
Karachi
_b
Royal Books
_c
090
_c
33063
_d
33063
942
_a
NUST-CAE
_c
M
_c
25629
999
_c
287649
_d
287649